01294 a2200193 4500999001900000003000500019005001700024008004100041040000900082082001100091100002100102245003700123260004000160300001000200505074600210538003000956942001200986952010200998 c194042d194042Nust20170531102132.0170531b xxu||||| |||| 00| 0 eng d cNust a954.91 aM.R.Kayani91671 aNot The Whole TruthcM.R. Kayani aLahore , pakistanbFerozsons c1963 a211p; aIntroduction (Page-i), The Exception (Page-i), First of April (Page-1), As President to President (Page-12), In Praise of the Honorable Profession (Page-26), The philosophy of Life (Page-34), On Writ Jurisdiction in Pakistan (Page-41), The Officer on Special Duty (Page-46), My Heart Goes Out (Page-60), There is a tide in the Affairs of Men (Page-65), Misfortunes come not alone (Page-77), Of a Six-week baby who went to a Marriage party (Page-94), Preserve your Bachelor State Lady Doctors (Page-111), Of the Dust Strom that lasted for three Months (Page-120), When I was in England (Page-152), Home, Sweet Home (Page-166), Have you got an Enemy in the High Court (Page-176), On Growing long Hair (Page-187), Freedom of Press(Page-193).  aAlmirah No.63 Shelf No.2 2ddccBK 00102ddc40708NFICaMCSbMCSd2016-12-12l0o954.91 KAypMCS29380r2016-12-08w2016-12-12yBK